00394ntaaa2200145 45000030003000000050017000030080021000200400037000410820017000781000023000952450034001182500043001523000017001956500036002120120251027201952.00714s1973 ag 01  aAR-BaBNbspacAR-BaBNeaacrdRIC a254.0000 L47 aLeach, William H.  aHandbook of church management a1 ed. : bPrentice Hall, Inc., cc1959 aviii, 504 p. aAdministración Eclesiástica